000 00484nam a22001937a 4500
005 20260424120714.0
008 260424b |||||||| |||| 00| 0 eng d
037 _cDSWL
040 _aDSWL
_cDSWL
041 _heng
100 _aLal Das, D K
245 _aPractice of social research
250 _a2nd
260 _aJaipur,
_bRawat Publication,
_c2017
300 _a376p
365 _aINR
_b995
942 _2CC
_cTEXL
_n0
999 _c1848506
_d1848506